| 000 | 00335nam a22001337a 4500 | ||
|---|---|---|---|
| 020 | _a978-8170355052 | ||
| 041 | _aENG | ||
| 100 | _aTapia.M ,S | ||
| 245 | _aHandling And Preservation Of Fruit And Vegetables By Combined Methods For Rural Areas | ||
| 260 |
_aRome _bFAO _c2003 |
||
| 300 | _a99 | ||
| 650 | _aFAO | ||
| 856 | _uFAO ( 01 ) | ||
| 999 |
_c2329 _d2329 |
||